Vnútrodružstevný chozrasčot a riadenie VD v podmienkach trhového hospodárstva záverečná práca postgraduálneho štúdia

Gespeichert in:
Bibliographische Detailangaben
1. Verfasser: Miľovčík, Ján
Körperschaft: Vysoká škola ekonomická v Bratislave
Weitere Verfasser: Marková, Viera
Format: Buch
Sprache:Slowakisch
Veröffentlicht: Bratislava 1990
Tags: Tag hinzufügen
Keine Tags, Fügen Sie das erste Tag hinzu!

MARC

LEADER 00000nam a2200000 4500
001 c033951
005 20221215071824.8
041 0 |a slo 
044 |a SK 
245 1 0 |a Vnútrodružstevný chozrasčot a riadenie VD v podmienkach trhového hospodárstva  |b záverečná práca postgraduálneho štúdia  |c Ján Miľovčík ; ved. práce Viera Marková 
264 1 |a Bratislava  |c 1990 
300 |a 61 s. 
100 1 |a Miľovčík, Ján 
700 1 |a Marková, Viera 
710 2 |a Vysoká škola ekonomická v Bratislave